| 000 | 01094nam a22002537a 4500 | ||
|---|---|---|---|
| 999 |
_c6525 _d6525 |
||
| 003 | OSt | ||
| 005 | 20200214105652.0 | ||
| 008 | 200214t2008 ck ad||f |||| 001 0 spa d | ||
| 020 | _a9789584526786 | ||
| 040 |
_aCO-JMCR _cCO-JMCR |
||
| 082 | 0 | 4 |
_a658.022 / _bS324e |
| 100 | 1 |
_aSchneer, Manuel, _eautor _9602 |
|
| 245 | 1 | 3 |
_aEl equilibrio del éxito : _bclaves para el óptimo desarrollo de tu empresa personal / _cManuel Scheneer |
| 250 | _aPrimera edición | ||
| 260 |
_aBogotá : _bNorma, _cc2008 |
||
| 300 |
_a216 páginas : _bilustraciones, gráficos a blanco y negro ; _c23 cm. |
||
| 500 | _aDatos biográficos del autor en solapa posterior. | ||
| 505 | _aLos planos del bienestar -- Perfiles y tipologías para los diferentes planos del bienestar -- Ejercicios para los planos y tipologías del bienestar | ||
| 520 | _aSomo nuestra propia empresa y para alcanzar el éxito debemos enfocar con equilibrio y sentido empresarial nuestro vivir. | ||
| 650 | 2 | 4 |
_aGestión empresarial _9603 |
| 650 | 2 | 4 |
_aNuevas empresas _9604 |
| 650 | 2 | 4 |
_aÉxito en los negocios _9605 |
| 942 |
_2ddc _cBK |
||